000 00959nam a22001697a 4500
003 SGT
020 _a97811107500495
082 _a518,GUP
100 _aRADHEY S, GUPTA
245 _aELEMENTS OF NUMERICAL ANALYSIS
250 _a2ND
260 _aNEW DELHI
_bCAMBRIDGE
_c2015
300 _a759
650 _aNUMERICAL ANALYSIS
653 _aPREFACE 1. ERRORS IN COMPUTATION 2. LINEAR EQUATIONS AND EIGENVALUE PROBLEM 3. NONLINEAR EQUATIONS 4. INTERPOLATION 5. NUMERICAL DIFFERENTIATION 6. NUMERICAL INTEGRATION 7. ORDINARY DIFFERENTIAL EQUATIONS 8. SPLINES AND THEIR APPLICATIONS 9. METHOD OF LEAST SQUARES AND CHEBYSHEV APPROXIMATION 10. EIGENVALUES OF SYMMETRIC MATRICES 11. PARTIAL DIFFERENTIAL EQUATIONS 12. FINITE ELEMENT METHOD 13. INTEGRAL EQUATIONS 14. DIFFERENCE EQUATIONS 15. FOURIER SERIES, DISCRETE FOURIER TRANSFORM AND FAST FOURIER TRANSFORM 16. FREE AND MOVING BOUNDARY PROBLEMS: A BRIEF INTRODUCTION APPENDICES INDEX.
942 _2ddc
_cFPS
999 _c9493
_d9493